| 000 | 00832cad a22002055a 4500 | ||
|---|---|---|---|
| 001 | L157185 | ||
| 008 | 120914s2012 xxk f 000 0 eng d | ||
| 035 | _a(Sirsi) u157185 | ||
| 041 | 0 | _aeng | |
| 110 | 2 |
_aGVA _95945 |
|
| 245 | 0 | 0 |
_aStudent housing market overview _h[electronic resource] |
| 260 |
_aLondon _bGVA _c2012 |
||
| 490 | 0 |
_aGVA Student Housing Market Overview _vAutumn 2012 |
|
| 520 | _aUK student housing sector remains buoyant which is highlighted by the inbalance between demand and supply of prime purpose built accommodation. Investment demand remains strong with yields boosted by long leases and strong covenants. | ||
| 590 | _aKA NTK | ||
| 651 | 4 | _aUnited Kingdom | |
| 690 |
_aResidential property _96266 |
||
| 856 | 4 | 0 |
_uhttps://www.gva.co.uk/research/retail/ _zView the report at www.gva.co.uk |
| 942 | _n0 | ||
| 999 |
_c114644 _d114644 |
||